Geography Quiz

Random Geography or City Quiz

Largest African Cities Quiz Stats

 Plays Quiz not verified by Sporcle

Challenge
Share
Tweet
Embed
Score 0/20 Timer 05:00
0 Plays Today
% Correct
Cairo
99.2%
Lagos
94.3%
Cape Town
93.4%
Nairobi
86.9%
Algiers
84.4%
Kinshasa
83.6%
Casablanca
79.5%
Alexandria
78.7%
Addis Ababa
77.9%
Durban
69.7%
% Correct
Luanda
69.7%
Dakar
67.2%
Dar es Salaam
65.6%
Abidjan
63.9%
Tripoli
63.9%
Harare
59%
Kano
44.3%
Giza
34.4%
Ibadan
31.1%
Omdurman
18.9%

You're not logged in!

Compare scores with friends on all Sporcle quizzes.
Join for Free
OR
Log In

You Might Also Like...

Show Comments

Extras

Top Quizzes Today


Score Distribution

Your Account Isn't Verified!

In order to create a playlist on Sporcle, you need to verify the email address you used during registration. Go to your Sporcle Settings to finish the process.

Report this User

Report this user for behavior that violates our Community Guidelines.

Details: